000 00732nam a2200289Ia 4500
001 Z_5741
003 CHAP
008 220113s2007 xx 000 0 und d
010 _a168847
020 _a978-1-84593-279-4
040 _cCHAP
082 _a636.085 F6 2007
100 _aForbes, J. Michael
_9143112
245 _aVoluntary food intake and diet selection in farm animals /
_cJ. Michael Forbes
250 _a2n. ed.
260 _aCambridge :
_bCABI,
_c2007
300 _a453 p.
503 _a242186
650 _aAlimentos y alimentación del ganado
_94326
650 _aNutrición animal
_982275
901 _a636.085 F6 2007
902 _aA
910 _a2007
942 _c1
942 _cc1
999 _c168847
_d168847